| 000 | 00000nam 2200000za 4500 |
| 001 | 9.840906 |
| 003 | CaOODSP |
| 005 | 20221107151947 |
| 007 | cr ||||||||||| |
| 008 | 170802s1989 onc |o f|0| 0 eng d |
| 040 | |aCaOODSP|beng |
| 043 | |an-cn--- |
| 086 | 1 |aCS12-0043/1E-PDF |
| 100 | 1 |aKrahn, Harvey. |
| 245 | 10|aWork and education |h[electronic resource] : |btoward the year 2000 : an introduction to the 1989 General Social Survey / |cby Harvey Krahn and Graham S. Lowe. |
| 260 | |a[Ottawa] : |bStatistics Canada, |c[1989]. |
| 300 | |a23 p. |
| 490 | 1 |aWorking paper ; |vno. 1 |
| 500 | |aIssued also in French under title: Les études et le travail : vers l'an 2000 : introduction à l'Enquête sociale générale de 1989. |
| 500 | |aOn cover: 1989 GSS : education and work background paper. |
| 500 | |aDigitized edition from print [produced by Statistics Canada]. |
| 504 | |aIncludes bibliographic references. |
| 520 | |a"This paper outlines the background to Statistics Canada's 1989 General Social Survey (GSS). The topic Work and Education: Toward the Year 2000 is developed around three themes: patterns and trends in work and education; new technologies and human resources; and work in the service economy"--Introduction. |
| 692 | 07|2gccst|aSurveys |
| 692 | 07|2gccst|aEmployment |
| 692 | 07|2gccst|aEducation |
| 700 | 1 |aLowe, Graham S. |
| 710 | 2 |aStatistics Canada. |
| 775 | 08|tLes études et le travail |w(CaOODSP)9.840908 |
| 830 | #0|aWorking paper (General Social Survey (Canada))|vno. 1|w(CaOODSP)9.835228 |
| 856 | 40|qPDF|s2.42 MB|uhttps://publications.gc.ca/collections/collection_2017/statcan/12-0043/CS12-0043-1-eng.pdf |
| 986 | |a12F0043E no. 1 |